000 00459nam a2200181Ia 4500
008 240925s9999 xx 000 0 und d
020 _a471859133
082 _a531.1 HUA
100 _aHuang, Kerson
245 0 _aStatistical Mechanics
250 _a2nd
260 _aNew York:
_bJohn Wiley & Sons
_c,1987.
300 _axxix,956p.
_bNA
_fOriginal
500 _aIncludes Index
600 _aHumanities & Natural Science
650 _aPhysics
942 _cBK
999 _c3033
_d3033